Oro, sociedad y economía : (Registro nro. 6295)
[ vista simple ]
| 000 -LEADER | |
|---|---|
| fixed length control field | 01548nam a2200289Ia 4500 |
| 003 - CONTROL NUMBER IDENTIFIER | |
| control field | OSt |
| 005 - DATE AND TIME OF LATEST TRANSACTION | |
| control field | 20201023165626.0 |
| 008 - FIXED-LENGTH DATA ELEMENTS--GENERAL INFORMATION | |
| fixed length control field | 191128s1994 ck adb gr 001 0 spa d |
| 020 ## - INTERNATIONAL STANDARD BOOK NUMBER | |
| International Standard Book Number | 9586640078 |
| 040 ## - CATALOGING SOURCE | |
| Original cataloging agency | CO-JMCR |
| Transcribing agency | CO-JMCR |
| 041 0# - LANGUAGE CODE | |
| Language code of text/sound track or separate title | spa |
| 082 04 - DEWEY DECIMAL CLASSIFICATION NUMBER | |
| Classification number | 986.153102 / |
| Item number | D319o |
| Edition number | 23 |
| 100 1# - MAIN ENTRY--PERSONAL NAME | |
| Personal name | Díaz López, Zamira, |
| Relator term | autor |
| 9 (RLIN) | 10876 |
| 245 10 - TITLE STATEMENT | |
| Title | Oro, sociedad y economía : |
| Remainder of title | el sistema colonial en la Gobernación de Popayán: 1533-1733 / |
| Statement of responsibility, etc. | Zamira Díaz López |
| 260 ## - PUBLICATION, DISTRIBUTION, ETC. | |
| Place of publication, distribution, etc. | Bogotá : |
| Name of publisher, distributor, etc. | Banco de la República, |
| Date of publication, distribution, etc. | ©1994 |
| 300 ## - PHYSICAL DESCRIPTION | |
| Extent | 318 páginas : |
| Other physical details | gráficos y mapas a blanco y negro ; |
| Dimensions | 24 cm. |
| 490 0# - SERIES STATEMENT | |
| Series statement | Historia colombiana |
| 500 ## - GENERAL NOTE | |
| General note | Incluye índice onomástico y notas a pie de página. |
| 504 ## - BIBLIOGRAPHY, ETC. NOTE | |
| Bibliography, etc. note | Bibliografía: páginas [299]-312 |
| 505 0# - FORMATTED CONTENTS NOTE | |
| Formatted contents note | Los metales preciosos en España y el surgimiento de una frontera: la Gobernación de Popayán -- Colonización de la Gobernación: apertura de la frontera aurífera. 1535-1600 -- Los desarrollos coloniales: el orden económico y social en la función de la |
| 520 3# - SUMMARY, ETC. | |
| Summary, etc. | La obra de Zamira Díaz López estudia el desarrollo histórico del suroccidente colombiano como un proceso guiado por la explotación del oro como empresa. |
| 650 14 - SUBJECT ADDED ENTRY--TOPICAL TERM | |
| Topical term or geographic name entry element | Historia del oro |
| 9 (RLIN) | 10877 |
| Chronological subdivision | Siglos XVII- XVIII |
| Geographic subdivision | Popayán (Colombia) |
| 650 14 - SUBJECT ADDED ENTRY--TOPICAL TERM | |
| Topical term or geographic name entry element | Minas de oro |
| Chronological subdivision | Siglo XVII |
| Geographic subdivision | Popayán (Colombia) |
| 9 (RLIN) | 11910 |
| 651 #4 - SUBJECT ADDED ENTRY--GEOGRAPHIC NAME | |
| Geographic name | Popayán (Colombia) |
| General subdivision | condiciones económicas |
| Chronological subdivision | Siglos XVII- XVIII |
| 9 (RLIN) | 11911 |
| 651 #4 - SUBJECT ADDED ENTRY--GEOGRAPHIC NAME | |
| Geographic name | Popayán (Colombia) |
| General subdivision | condiciones sociales |
| Chronological subdivision | Siglos XVII- XVIII |
| 9 (RLIN) | 11912 |
| 942 ## - ADDED ENTRY ELEMENTS (KOHA) | |
| Source of classification or shelving scheme | Dewey Decimal Classification |
| Koha item type | Books |
| Withdrawn status | Lost status | Source of classification or shelving scheme | Damaged status | Not for loan | Collection code | Home library | Current library | Date acquired | Source of acquisition | Total Checkouts | Total Renewals | Full call number | Barcode | Date last seen | Date last checked out | Copy number | Koha item type |
|---|---|---|---|---|---|---|---|---|---|---|---|---|---|---|---|---|---|
| Dewey Decimal Classification | Non-fiction | Biblioteca Pública José María del Castillo y Rada | Biblioteca Pública José María del Castillo y Rada | 04/15/2018 | Donación | 1 | 2 | 986.153102 / D319o | 430012336 | 08/06/2024 | 07/05/2024 | Ej.1 | Books |